000
00286nam a22001217a 4500
008
160613b xxu||||| |||| 00| 0 eng d
020
_a
9780131136663
020
_a
0131136666
041
_a
eng
080
_a
618.2
245
_a
Medical surgical nursing:
_c
Lemone Burke;
942
_2
udc
_c
BK
999
_c
2437
_d
2437